00908cam a22002414i 4500020001500000020001800015020001500033020001800048020001500066020001800081040000800099082002600107100001900133245008000152300004900232520014000281650000900421650003400430650002500464942001000489999001700499952015000516 a0823414477 a9780823414475 a0823417557 a9780823417551 a0439296293 a9780439296298 cDLC00a940 LEV 2000 C289 Or.1 aLevine, Ellen.10aDarkness over Denmark :bthe Danish resistance and the rescue of the Jews / ax, 164 pages :billustrations, maps ;c26 cm aAn account of people in Denmark who risked their lives to protect and rescue their Jewish neighbors from the Nazis during World War II. 0aJews 0aHolocaust, Jewish (1939-1945) 0aWorld War, 1939-1945 cAEDBB c22418d22418 0010406940_000000000000000_LEV_2000_C289_OR70996777aLBCbLBCcC289d2023-12-25o940 LEV 2000 C289 Or.pa15433r2023-12-25w2023-12-25yAEDBB